000 00302cam a22001097a 4500
008 180718b1953 xxu||||| |||| 00| 0 eng d
082 _aA72x5413
100 _aLal, R.B.
245 _aBodh Gaya: past and present
_cby R.B. Lal
260 _aPatna
_bThe Department of Public Relations
_c1953
300 _a15p.
999 _c487467
_d487467